Molekuláris ökológia a koaleszcens /
Elmentve itt :
| Szerzők: | |
|---|---|
| További közreműködők: | |
| Dokumentumtípus: | Vegyes gyűjtemény |
| Megjelent: |
2020-10-18
|
| Kulcsszavak: | koaleszcencia populációgenetika |
| Tárgyszavak: | |
| Online Access: | http://eta.bibl.u-szeged.hu/3697 |
| LEADER | 01021npc a2200253 i 4500 | ||
|---|---|---|---|
| 001 | eta3697 | ||
| 005 | 20220309155116.0 | ||
| 008 | 201125s2020 hu o 0|| hun d | ||
| 040 | |a SZTE Elektronikus Tananyag Archívum |b hun | ||
| 041 | |a hun | ||
| 100 | 1 | |a Pénzes Zsolt | |
| 245 | 1 | 0 | |a Molekuláris ökológia |h [elektronikus dokumentum] : |b a koaleszcens / |c Pénzes Zsolt |
| 246 | 1 | 0 | |a Molecular ecology : coalescent |h [elektronikus dokumentum] |
| 260 | |c 2020-10-18 | ||
| 650 | 4 | |a Természettudományok | |
| 650 | 4 | |a Biológiai tudományok | |
| 650 | 4 | |a Biológia (elméleti, matematikai, hőbiológia, kriobiológia, biológiai ritmus), evolúciós biológia | |
| 650 | 4 | |a Rendszerek fejlődése, biológiai adaptáció, filogenetika, rendszertan, összehasonlító biológia | |
| 650 | 4 | |a Bioinformatika | |
| 695 | |a koaleszcencia | ||
| 695 | |a populációgenetika | ||
| 700 | 0 | 1 | |a Pfeiffer Ilona |
| 700 | 0 | 1 | |a Markó Bálint |e aut |
| 856 | 4 | 0 | |u https://eta.bibl.u-szeged.hu/3697/1/molokol5_koaleszcens.pdf |z Dokumentum-elérés |